| 000 | 00646nam a2200229 i 4500 | ||
|---|---|---|---|
| 001 | 000026461 | ||
| 003 | DO-SdBNP | ||
| 005 | 20230913134503.0 | ||
| 007 | ta | ||
| 008 | 110318s1955 dr 000 0 spa d | ||
| 040 |
_aDO-SdBNP _bspa _cBNPHU _erda |
||
| 082 | _bM313c | ||
| 245 | 0 | 0 |
_aMarcado contraste : _b(de ayer y hoy) / |
| 264 | 1 |
_aCiudad Trujillo, República Dominicana : _bEditora Del Caribe, _c1955. |
|
| 300 |
_a29 páginas _c24 cm. |
||
| 336 |
_2rdacontent _atexto _btxt |
||
| 337 |
_2rdamedia _asin mediación _bn |
||
| 338 |
_2rdacarrier _avolumen _bnc |
||
| 590 | _aInventariado, 2020/ YL | ||
| 910 | _aYLockward | ||
| 942 |
_2ddc _cLF2 |
||
| 999 |
_c48936 _d48936 |
||